000 00582nam a2200229Ia 4500
003 OSt
005 20220918183603.0
006 a|||||r|||| 00| 0
007 ta
008 220917b |||||||| |||| 00| 0 eng d
024 _a39,098
037 _cTextual
040 _aARTS
_cARTS
_beng
041 _2eng
_aeng
082 _aO15:1B2:9, 111G4
100 _aMullick P N
_963170
245 0 _aMahabharata
_b A critical study
260 _c1934
650 _aENGLISH LITERATURE
942 _hO15:1B2:9, 111G4
_cTEXL
_2CC
999 _c173147
_d173147